[Event "Treas. Valley Ch (Open)"]
[Site "Nampa, ID"]
[Date "2010.01.23"]
[Round "1.2"]
[White "Thompson, Mark W"]
[Black "Gold, Michael D"]
[Result "0-1"]
[WhiteElo "1574"]
[BlackElo "2310"]

1. e4 c5 2. Nf3 d6 3. d4 cxd4 4. Nxd4 Nf6 5. Nc3 Nc6 6. Bb5 Bd7 7. Be3 Ng4 8.
Nxc6 Nxe3 9. Nxd8 Nxd1 10. Rxd1 Rxd8 11. O-O e6 12. Rd3 a6 13. Ba4 Be7 14.
Rfd1 b5 15. Bb3 Bc6 16. f3 O-O 17. Ne2 Rc8 18. c4 bxc4 19. Bxc4 Bxe4 20. Rc3
Bb7 21. Bd3 Rxc3 22. Nxc3 Rc8 23. Ne2 Bf6 24. Rd2 a5 25. Rc2 Rxc2 26. Bxc2
Bxb2 27. Kf2 Kf8 28. Ke3 Ke7 29. Nf4 Bc1+ {#R} 0-1

[Event "Treas. Valley Ch (Open)"]
[Site "Nampa, ID"]
[Date "2010.01.23"]
[Round "1.3"]
[White "Reynolds, Garrett"]
[Black "Kircher, Caleb Paul"]
[Result "1-0"]
[WhiteElo "1924"]
[BlackElo "1548"]

1. e4 c5 2. Nf3 Nc6 3. d4 cxd4 4. Nxd4 g6 5. Nc3 Bg7 6. Be3 d6 7. Qd2 Nf6 8.
f3 O-O 9. O-O-O Bd7 10. h4 h5 11. Be2 Nxd4 12. Bxd4 Qa5 13. Kb1 Be6 14. Nd5
Qd8 15. Nxf6+ exf6 16. Bc3 Qb6 17. Qf4 Qf2 18. Bd3 Qxg2 19. Rh2 g5 20. Rxg2
{#r} 1-0

[Event "Treas. Valley Ch (Open)"]
[Site "Nampa, ID"]
[Date "2010.01.23"]
[Round "1.4"]
[White "Abderhalden, Katherine Louise"]
[Black "Douglas, Kurt P"]
[Result "1-0"]
[WhiteElo "1543"]
[BlackElo "1735"]

1. d4 Nf6 2. c4 e6 3. Nc3 Bb4 4. Bg5 h6 5. Bh4 O-O 6. Nf3 d6 7. e3 Nbd7 8. Bd3
b6 9. O-O Bb7 10. Rc1 Bxc3 11. bxc3 c5 12. Nd2 Qc7 13. Qc2 Rae8 14. Rfe1 e5
15. f3 Qb8 16. Bg3 Qa8 17. Rcd1 Nh5 18. Bf2 g5 19. Ne4 Qb8 20. Qd2 f5 21. Ng3
Ng7 22. Qc2 f4 23. exf4 exf4 24. Nf5 Nxf5 25. Bxf5 Nf6 26. Qd3 Qc7 27. g3 Bc6
28. gxf4 gxf4 29. Kh1 Re7 30. Rg1+ {(Time Forfeit)} {#r} 1-0

[Event "Treas. Valley Ch (Open)"]
[Site "Nampa, ID"]
[Date "2010.01.23"]
[Round "1.5"]
[White "Roland, Jeffrey T"]
[Black "Abderhalden, Richard Robert"]
[Result "1-0"]
[WhiteElo "1699"]
[BlackElo "1516"]

1. d4 d6 2. e4 Nf6 3. Nc3 g6 4. g3 Bg7 5. Bg2 Nc6 6. Nge2 O-O 7. O-O Re8 8. f4
e5 9. fxe5 dxe5 10. d5 Ne7 11. Bg5 Qd6 12. h3 b6 13. Qd3 Bb7 14. Qf3 Nd7 15.
Qxf7+ Kh8 16. Kh2 Ba6 17. Rf3 Ng8 18. Rff1 Rf8 19. Qe6 Qxe6 20. dxe6 Nc5 21.
e7 Rxf1 22. Rxf1 Ne6 23. Be3 Nxe7 24. Rd1 Nc6 25. Ng1 Ncd4 26. Bxd4 Nxd4 27.
Nd5 Rc8 28. c3 Nb5 29. a4 Nd6 30. Nxc7 Rxc7 31. Rxd6 Rf7 32. Nf3 Be2 33. Rd8+
Rf8 34. Rxf8+ Bxf8 35. Nxe5 Bd1 36. Nc6 a5 37. e5 Bxa4 38. Bd5 Kg7 39. Nd4 Bd7
40. g4 Bc5 41. Kg3 Kf8 42. Kf4 Be7 43. Ne6+ Bxe6 44. Bxe6 Bc5 45. Ke4 Ke7 46.
Bg8 h6 47. Bh7 g5 48. Bf5 b5 49. b3 b4 50. c4 a4 51. bxa4 b3 52. Kd5 {#r} 1-0

[Event "Treas. Valley Ch (Open)"]
[Site "Nampa, ID"]
[Date "2010.01.23"]
[Round "1.6"]
[White "Patterson, Emily N"]
[Black "Myers, Hugh S"]
[Result "1-0"]
[WhiteElo "1504"]
[BlackElo "1673"]

1. c4 f5 2. Nc3 Nf6 3. Nf3 e6 4. d4 d5 5. Bf4 c6 6. Bxb8 Rxb8 7. e3 Bd6 8. Qa4
a6 9. Ne5 O-O 10. c5 Bxe5 11. dxe5 Nd7 12. Qd4 b5 13. b4 Ra8 14. a3 a5 15. Rb1
axb4 16. axb4 Qc7 17. f4 Bb7 18. Be2 Kh8 19. g3 Rg8 20. h4 Ra3 21. O-O Rga8
22. Bf3 Nf8 23. Nd1 Qe7 24. Nf2 h6 25. Ra1 g5 26. hxg5 hxg5 27. Rxa3 Rxa3 28.
Ra1 Rxa1+ 29. Qxa1 g4 30. Be2 Qd8 31. Nd3 Qa8 32. Qb1 Qd8 33. Qb2 Bc8 34. Bd1
Bd7 35. Qh2+ Kg7 36. Qa2 Qe8 37. Be2 Qb8 38. Nc1 Bc8 39. Nb3 Bb7 40. Nd4 Qa8
41. Qb2 Kf7 42. Bd3 Nd7 43. Qh2 Qa1+ 44. Kf2 Qb2+ 45. Be2 Nf8 46. Qh5+ Kg7
{#r} 1-0

[Event "Treas. Valley Ch (Open)"]
[Site "Nampa, ID"]
[Date "2010.01.23"]
[Round "1.8"]
[White "McGarvey, James H"]
[Black "Ye, Michael"]
[Result "1/2-1/2"]
[WhiteElo "1591"]
[BlackElo "1174"]

1. d4 d5 2. c4 e6 3. Nc3 Nf6 4. Nf3 Bb4 5. Bg5 c6 6. e3 Nbd7 7. Be2 h6 8. Bh4
Qa5 9. Qc2 Ne4 10. Rc1 Qxa2 11. O-O Bxc3 12. bxc3 Qxc2 13. Rxc2 Nb6 14. cxd5
exd5 15. Ne5 O-O 16. f3 Nf6 17. Bxf6 gxf6 18. Ng4 Kg7 19. Nf2 Re8 20. e4 Be6
21. Nd3 Nc4 22. Kf2 Nd6 23. e5 fxe5 24. Nxe5 Bf5 25. Rb2 f6 26. Nd3 Nc4 27.
Rxb7+ Kg8 28. Nf4 Nd6 29. Rc7 Rec8 30. Rxc8+ Nxc8 31. Bd3 Bxd3 32. Nxd3 a5 33.
Ra1 Nb6 34. Nc5 a4 35. Rb1 Nc4 36. Ra1 a3 37. Nd3 Kf7 38. Nb4 Rc8 39. Nc2 Ra8
40. Nb4 Rc8 {#d} 1/2-1/2

[Event "Treas. Valley Ch (Open)"]
[Site "Nampa, ID"]
[Date "2010.01.23"]
[Round "2.1"]
[White "Gold, Michael D"]
[Black "Looney, Daniel S"]
[Result "1-0"]
[WhiteElo "2310"]
[BlackElo "1627"]

1. e4 c6 2. d4 d5 3. exd5 cxd5 4. c4 Nf6 5. Nc3 g6 6. Qb3 Bg7 7. cxd5 O-O 8.
Be2 b6 9. Bf3 Bb7 10. Nge2 Na6 11. O-O Nc7 12. d6 Bxf3 13. dxc7 Qxc7 14. gxf3
Rad8 15. Be3 e6 16. Rfd1 h6 17. Rac1 Qb7 18. Kg2 Nh7 19. d5 Ng5 20. Bxg5 hxg5
21. Rd3 Be5 22. Rcd1 Kg7 23. dxe6 Rh8 24. Ng3 g4 25. Nce4 Rxd3 26. Qxd3 gxf3+
27. Qxf3 fxe6 28. Ng5 Qe7 29. Qg4 Qb7+ 30. Qe4 Rxh2+ 31. Kxh2 Bxg3+ 32. fxg3
Qxe4 33. Nxe4 {#r} 1-0

[Event "Treas. Valley Ch (Open)"]
[Site "Nampa, ID"]
[Date "2010.01.23"]
[Round "2.2"]
[White "Stark, Jim"]
[Black "Reynolds, Garrett"]
[Result "0-1"]
[WhiteElo "1613"]
[BlackElo "1924"]

1. d4 Nf6 2. c4 e6 3. Nf3 b6 4. e3 Bb7 5. Be2 c5 6. O-O Be7 7. b3 O-O 8. Bb2
d5 9. a3 Nc6 10. Nc3 cxd4 11. exd4 Ne4 12. Qd3 f5 13. Ne5 dxc4 14. bxc4 Nxd4
15. Nxe4 Nxe2+ 16. Qxe2 Bxe4 17. f3 Bc5+ 18. Kh1 Bb7 19. Rad1 Bd6 20. Rd2 Qe7
21. Rfd1 Rad8 22. f4 Be4 23. Qe3 Bxe5 24. Bxe5 Rxd2 25. Rxd2 Rd8 26. Rxd8+
Qxd8 27. Qd4 Qh4 28. Bxg7 Qe1+ {#R} 0-1

[Event "Treas. Valley Ch (Open)"]
[Site "Nampa, ID"]
[Date "2010.01.23"]
[Round "2.3"]
[White "Abderhalden, Katherine Louise"]
[Black "Roland, Jeffrey T"]
[Result "1-0"]
[WhiteElo "1543"]
[BlackElo "1699"]

1. d4 Nf6 2. c4 e6 3. Nc3 d5 4. c5 c6 5. Bf4 Nbd7 6. Nf3 b6 7. b4 Be7 8. e3
O-O 9. Bd3 Bb7 10. O-O Nh5 11. Bg3 Nxg3 12. fxg3 bxc5 13. bxc5 Bf6 14. Qc2 h6
15. Rab1 Qc7 16. Ne2 Rae8 17. Nf4 e5 18. dxe5 Nxe5 19. Nh5 Bd8 20. Nxe5 Rxe5
21. Qe2 Bg5 22. Rbe1 Rxe3 23. Qc2 Qe5 24. Rb1 Bc8 25. Kh1 Bg4 26. Nf4 Re8 27.
h3 Rxg3 28. hxg4 Bxf4 29. Bf5 Be3 30. Rb7 Bf4 31. Bh7+ Kf8 32. Qf5 Qxf5 33.
Bxf5 Bg5 34. Bg6 Re7 35. Rb8+ Re8 36. Rxf7+ {#r} 1-0

[Event "Treas. Valley Ch (Open)"]
[Site "Nampa, ID"]
[Date "2010.01.23"]
[Round "2.4"]
[White "McGarvey, James H"]
[Black "Patterson, Emily N"]
[Result "0-1"]
[WhiteElo "1591"]
[BlackElo "1504"]

1. d4 c5 2. d5 e5 3. dxe6 fxe6 4. c4 Nf6 5. Nc3 Nc6 6. Bg5 Be7 7. e4 O-O 8.
Nf3 h6 9. Bxf6 Bxf6 10. Be2 Bxc3+ 11. bxc3 Qf6 12. Rc1 Ne5 13. O-O b6 14. Qd6
Nc6 15. e5 Qe7 16. Rcd1 Qxd6 17. exd6 Ba6 18. Rfe1 g5 19. Bf1 Rf5 20. Bd3 Rf4
21. Be4 Bb7 22. Ne5 Nxe5 23. Bxb7 Rb8 24. Rxe5 Rxb7 25. g3 Rxc4 26. Re3 b5 27.
Rdd3 Ra4 28. Re5 c4 29. Rd2 Rb6 30. Rc5 Raa6 31. Rc7 Rxd6 32. Rxa7 Rxd2 33.
Rxa6 Kf7 34. Rb6 Rb2 35. Rb7 Ke7 36. Ra7 e5 37. Rb7 Ke6 38. a4 Rb3 39. Rb6+
Kd5 40. a5 Kc5 41. Rxh6 Rxc3 42. Rh5 Rc1+ 43. Kg2 c3 44. Rxg5 d6 45. Kf3 c2
{#R} 0-1

[Event "Treas. Valley Ch (Open)"]
[Site "Nampa, ID"]
[Date "2010.01.23"]
[Round "2.5"]
[White "Ye, Michael"]
[Black "Douglas, Kurt P"]
[Result "0-1"]
[WhiteElo "1174"]
[BlackElo "1735"]

1. e4 c5 2. Nf3 d6 3. d4 cxd4 4. Nxd4 Nf6 5. Nc3 e6 6. Bg5 Be7 7. Bb5+ Bd7 8.
Bxd7+ Qxd7 9. Qd3 a6 10. a3 O-O 11. O-O-O Nc6 12. Nxc6 Qxc6 13. Rde1 Rfd8 14.
Qf3 Rd7 15. h4 h6 16. Kb1 Rc8 17. Re3 d5 18. e5 Ne4 19. Bxe7 Nd2+ 20. Ka1 Nxf3
21. Bf6 Nd4 22. Rg3 Nf5 23. Rhh3 Nxg3 24. Rxg3 g6 25. Na2 Qxc2 26. Nb4 Qxf2
27. Rb3 Rc1+ 28. Ka2 Qf1 29. Rc3 Rxc3 {#R} 0-1

[Event "Treas. Valley Ch (Open)"]
[Site "Nampa, ID"]
[Date "2010.01.23"]
[Round "2.6"]
[White "Myers, Hugh S"]
[Black "Abderhalden, Richard Robert"]
[Result "1-0"]
[WhiteElo "1673"]
[BlackElo "1516"]

1. e4 c6 2. f4 Nf6 3. d3 d5 4. e5 Nfd7 5. Nf3 e6 6. Be2 f6 7. exf6 Nxf6 8. O-O
Bd6 9. d4 O-O 10. c3 Ne4 11. Ne5 Nd7 12. Bd3 Nef6 13. Nd2 c5 14. Ndf3 b6 15.
b3 Bb7 16. Qc2 Rc8 17. Ng5 Qe7 18. Bxh7+ Kh8 19. Ng6# 1-0

[Event "Treas. Valley Ch (Open)"]
[Site "Nampa, ID"]
[Date "2010.01.23"]
[Round "2.7"]
[White "Kircher, Caleb Paul"]
[Black "Lang, Jamie"]
[Result "1-0"]
[WhiteElo "1548"]
[BlackElo "1500"]

1. f4 Nc6 2. Nf3 d6 3. e4 e5 4. Bc4 h6 5. d3 Bg4 6. h3 Bxf3 7. Qxf3 Nd4 8. Qf2
Nf6 9. fxe5 dxe5 10. c3 Nc6 11. O-O Bd6 12. Be3 Qe7 13. b4 O-O 14. Bxh6 gxh6
15. Qxf6 Qxf6 16. Rxf6 Kg7 17. Rf3 Ne7 18. g4 Ng6 19. Nd2 Be7 20. Raf1 f6 21.
Nb3 b6 22. Bd5 Rad8 23. Nc1 c5 24. a3 Bd6 25. Ne2 Ne7 26. Bc4 Ng6 27. Ng3 Nf4
28. Nh5+ Kh7 29. Nxf4 exf4 30. d4 cxd4 31. cxd4 Rde8 32. Bd5 Re7 33. Rc1 Rc7
34. Rxc7+ Bxc7 35. Rc3 Bb8 36. Rc6 Kg6 37. Be6 Kg5 38. Kf2 Kh4 39. Kf3 Kxh3
40. g5+ Kh4 41. g6 Kg5 42. g7 Rd8 43. Rc8 Kg6 44. g8=Q+ Rxg8 45. Rxg8+ {#r}
1-0

[Event "Treas. Valley Ch (Open)"]
[Site "Nampa, ID"]
[Date "2010.01.23"]
[Round "3.1"]
[White "Looney, Daniel S"]
[Black "Myers, Hugh S"]
[Result "0-1"]
[WhiteElo "1627"]
[BlackElo "1673"]

1. e4 d5 2. exd5 Nf6 3. Bb5+ Nbd7 4. c4 g6 5. Nf3 Bg7 6. Nc3 O-O 7. d4 Nb6 8.
Qe2 Bg4 9. Ba4 e6 10. Bc2 exd5 11. h3 Re8 12. Be3 Bxf3 13. gxf3 Nxc4 14. O-O-O
Qe7 15. Nxd5 Nxd5 16. Qxc4 Nxe3 17. fxe3 Qxe3+ 18. Kb1 c6 19. h4 Rad8 20. Bb3
Qf4 21. h5 Bxd4 22. hxg6 hxg6 23. Qd3 Bg7 24. Qxg6 Rxd1+ 25. Rxd1 Qxf3 26. Rc1
Qe4+ 27. Qxe4 Rxe4 28. Rd1 b6 29. Rd8+ Bf8 30. Rd1 Kg7 {#R} 0-1

[Event "Treas. Valley Ch (Open)"]
[Site "Nampa, ID"]
[Date "2010.01.23"]
[Round "3.2"]
[White "Patterson, Emily N"]
[Black "Gold, Michael D"]
[Result "0-1"]
[WhiteElo "1504"]
[BlackElo "2310"]

1. c4 e5 2. Nc3 Nc6 3. Nf3 f5 4. d3 Nf6 5. Bg5 Bb4 6. e3 O-O 7. Be2 h6 8. Bh4
d6 9. a3 Bxc3+ 10. bxc3 g5 11. Nxg5 hxg5 12. Bxg5 Qe8 13. h4 Be6 14. f4 exf4
15. Bxf4 Ne5 16. Rh3 Kh8 17. Kd2 Rg8 18. Qf1 Qf7 19. Qf2 Nfg4 20. Bxe5+ dxe5
21. Bxg4 Rxg4 22. c5 Rag8 23. Rg1 Qd7 24. g3 Qb5 25. d4 Qb2+ 26. Ke1 Qxc3+ 27.
Qd2 exd4 28. exd4 Re4+ 29. Kd1 Bb3+ 30. Qc2 Qxc2# 0-1

[Event "Treas. Valley Ch (Open)"]
[Site "Nampa, ID"]
[Date "2010.01.23"]
[Round "3.3"]
[White "Reynolds, Garrett"]
[Black "Abderhalden, Katherine Louise"]
[Result "1-0"]
[WhiteElo "1924"]
[BlackElo "1543"]

1. e4 c5 2. Nf3 Nc6 3. Bb5 e6 4. O-O Nf6 5. Nc3 Be7 6. e5 Nd5 7. Nxd5 exd5 8.
d4 d6 9. exd6 Bxd6 10. Re1+ Be6 11. Ng5 Qf6 12. Nxe6 fxe6 13. Qh5+ g6 14. Qxd5
Kd7 15. Bg5 Qxf2+ 16. Kxf2 exd5 17. dxc5 Bxc5+ 18. Be3 Rhf8+ 19. Kg1 d4 20.
Red1 Kc7 21. Bf2 Rad8 22. c3 Rf5 23. Bxc6 Kxc6 24. cxd4 Bb6 25. Rac1+ Kd5 26.
Rd3 Rdf8 27. Be3 {#r} 1-0

[Event "Treas. Valley Ch (Open)"]
[Site "Nampa, ID"]
[Date "2010.01.23"]
[Round "3.4"]
[White "Douglas, Kurt P"]
[Black "Stark, Jim"]
[Result "1-0"]
[WhiteElo "1735"]
[BlackElo "1613"]

1. e4 c6 2. d4 d5 3. Nc3 dxe4 4. Nxe4 Bf5 5. Ng3 Bg6 6. h4 h6 7. Nf3 Nd7 8.
Bd3 Bxd3 9. Qxd3 e6 10. Bf4 Ngf6 11. O-O-O Nd5 12. Bd2 Qc7 13. c4 Nf4 14. Qe4
Ng6 15. h5 Ne7 16. Bf4 Qa5 17. Kb1 Nf6 18. Qc2 b5 19. c5 Ned5 20. Bd2 Qc7 21.
Ne5 a5 22. Ne4 Nxe4 23. Qxe4 Ra6 24. f4 Be7 25. f5 Nf6 26. Qf3 Bxc5 27. fxe6
fxe6 28. Ng6 Bxd4 29. Nxh8 c5 30. Rhe1 b4 31. Qd3 Qb7 32. Qc4 Nd5 33. Ng6 a4
34. Nf4 Ne3 35. Bxe3 Qe4+ 36. Qd3 {#r} 1-0

[Event "Treas. Valley Ch (Open)"]
[Site "Nampa, ID"]
[Date "2010.01.23"]
[Round "3.5"]
[White "Roland, Jeffrey T"]
[Black "Kircher, Caleb Paul"]
[Result "0-1"]
[WhiteElo "1699"]
[BlackElo "1548"]

1. d4 Nf6 2. c4 g6 3. Nc3 Bg7 4. e4 d6 5. f3 O-O 6. Be3 e5 7. Nge2 Nc6 8. d5
Ne7 9. Qd2 Ne8 10. Bh6 f5 11. Bxg7 Kxg7 12. h4 f4 13. O-O-O Nf6 14. g4 Bxg4
15. Nxf4 exf4 16. fxg4 Nxg4 17. h5 Ne3 18. Qd4+ Rf6 19. hxg6 Nxg6 20. Rd2 Ne5
21. Rdh2 h6 22. Bh3 Nf3 23. Rg2+ Nxg2 24. Qf2 Ng5 25. Qxg2 f3 26. Qf2 Qe7 27.
Bf5 Qe5 28. Rg1 Qf4+ 29. Kc2 Rxf5 30. exf5 Qxf5+ 31. Kb3 Re8 32. Nb5 Qd3+ 33.
Kb4 Re2 {#R} 0-1

[Event "Treas. Valley Ch (Open)"]
[Site "Nampa, ID"]
[Date "2010.01.23"]
[Round "3.6"]
[White "Thompson, Mark W"]
[Black "McGarvey, James H"]
[Result "0-1"]
[WhiteElo "1574"]
[BlackElo "1591"]

1. Nf3 Nf6 2. d4 d5 3. Bf4 Bf5 4. e3 e6 5. c4 c5 6. cxd5 exd5 7. Bb5+ Nc6 8.
Ne5 Rc8 9. Qa4 Qb6 10. Bxc6+ bxc6 11. b3 Be7 12. O-O O-O 13. Nd2 cxd4 14. exd4
Rfe8 15. Rac1 Bd7 16. Ndf3 Red8 17. Ng5 c5 18. Qa3 Be8 19. Be3 Qb8 20. f4 Nd7
21. Nxd7 Rxd7 22. dxc5 d4 23. Bd2 Rd5 24. b4 Bb5 25. Rfe1 Bxg5 26. fxg5 Re5
27. Rxe5 Qxe5 28. Qxa7 Qe2 29. Bf4 Bc6 {#R} 0-1

[Event "Treas. Valley Ch (Open)"]
[Site "Nampa, ID"]
[Date "2010.01.23"]
[Round "3.7"]
[White "Abderhalden, Richard Robert"]
[Black "Ye, Michael"]
[Result "0-1"]
[WhiteElo "1516"]
[BlackElo "1174"]

1. e4 c5 2. Bc4 Nc6 3. Nf3 Nf6 4. Nc3 e6 5. d3 a6 6. Bg5 d6 7. O-O Be7 8. Re1
Nd7 9. Bxe7 Qxe7 10. Ne2 O-O 11. c3 b5 12. Bb3 Bb7 13. d4 c4 14. Bc2 Rad8 15.
b3 Nb6 16. Qd2 Rfe8 17. Ng3 Qc7 18. e5 dxe5 19. Nxe5 Nxe5 20. Bxh7+ Kxh7 21.
Rxe5 Qxe5 22. Qc2+ Be4 23. Nxe4 Qf5 24. Qe2 Kg8 25. Nd2 Qd3 26. Qxd3 cxd3 27.
Ne4 e5 28. f3 exd4 29. cxd4 Rxd4 30. Rd1 f5 31. Ng5 Re2 32. Kf1 Rxa2 33. Ne6
Rd6 34. Nc5 Rb2 {#R} 0-1

[Event "Treas. Valley Ch (Open)"]
[Site "Nampa, ID"]
[Date "2010.01.23"]
[Round "4.2"]
[White "Gold, Michael D"]
[Black "Reynolds, Garrett"]
[Result "1-0"]
[WhiteElo "2310"]
[BlackElo "1924"]

1. e4 Nf6 2. e5 Nd5 3. d4 d6 4. c4 Nb6 5. exd6 exd6 6. Nc3 Nc6 7. Be3 Be7 8.
b3 Bf5 9. Nf3 O-O 10. Be2 Bf6 11. Rc1 Nd7 12. Qd2 Ne7 13. h3 h6 14. O-O Re8
15. Rfd1 Bh7 16. g4 Ng6 17. Kg2 Ndf8 18. Re1 Nd7 19. Kg1 Ndf8 20. Bf1 Ne6 21.
Bg2 Rb8 22. Nd5 c6 23. Nxf6+ Qxf6 24. d5 Nef4 25. Bxa7 Nxg2 26. Kxg2 Nf4+ 27.
Kg3 Nd3 28. Bxb8 Nxe1 29. Rxe1 Rxb8 30. Qe3 g5 31. dxc6 bxc6 32. Qd4 Qxd4 33.
Nxd4 Rb6 34. Re7 Bb1 35. Ra7 {#r} 1-0

[Event "Treas. Valley Ch (Open)"]
[Site "Nampa, ID"]
[Date "2010.01.23"]
[Round "4.3"]
[White "Douglas, Kurt P"]
[Black "Patterson, Emily N"]
[Result "1-0"]
[WhiteElo "1735"]
[BlackElo "1504"]

1. e4 e6 2. d4 d5 3. Nc3 Bb4 4. e5 c5 5. a3 Bxc3+ 6. bxc3 Ne7 7. Nf3 Nbc6 8.
Bd3 Bd7 9. O-O Qa5 10. Bd2 Qc7 11. Rb1 c4 12. Be2 Ng6 13. Ng5 Nce7 14. Bh5 h6
15. Nh3 b6 16. Re1 O-O-O 17. Nf4 Rdf8 18. Ne2 f5 19. Nc1 Qd8 20. Na2 a5 21.
Rb2 Kb7 22. Qb1 f4 23. Nc1 Nh4 24. g3 g6 25. Bg4 fxg3 26. fxg3 Nhf5 27. Ne2 h5
28. Bh3 Rfg8 29. Bg5 Bc6 30. Bxf5 gxf5 31. Bxe7 Qxe7 32. Rxb6+ Kc7 33. Ra6 Rb8
34. Ra7+ Rb7 35. Rxb7+ Bxb7 36. Qb5 Qxa3 37. Rb1 Rb8 38. Qb6+ Kd7 39. Nf4 Qe7
40. Qa7 Kc8 41. Rb6 Ra8 42. Rc6+ Kd8 43. Qb6+ Ke8 44. Rxe6 Qxe6 45. Nxe6 Rb8
46. Nc7+ Kf8 47. Qf6+ Kg8 48. Ne6 Kh7 49. Qg7# 1-0

[Event "Treas. Valley Ch (Open)"]
[Site "Nampa, ID"]
[Date "2010.01.23"]
[Round "4.4"]
[White "Myers, Hugh S"]
[Black "Abderhalden, Katherine Louise"]
[Result "0-1"]
[WhiteElo "1673"]
[BlackElo "1543"]

1. e4 c5 2. f4 Nc6 3. Nf3 e6 4. Be2 Nf6 5. d3 Be7 6. O-O O-O 7. c4 d5 8. e5
Nd7 9. Nc3 d4 10. Ne4 f6 11. exf6 Nxf6 12. Nxf6+ Bxf6 13. a3 b6 14. Bd2 Bb7
15. b4 Qc7 16. b5 Ne7 17. Qe1 Ng6 18. Qg3 Rae8 19. Rae1 Bxf3 20. Bxf3 Bh4 21.
Qg4 Bxe1 22. Rxe1 Nxf4 {#R} 0-1

[Event "Treas. Valley Ch (Open)"]
[Site "Nampa, ID"]
[Date "2010.01.23"]
[Round "4.5"]
[White "Kircher, Caleb Paul"]
[Black "McGarvey, James H"]
[Result "1-0"]
[WhiteElo "1548"]
[BlackElo "1591"]

1. f4 c5 2. e4 e6 3. Nf3 Nc6 4. Bb5 a6 5. Bxc6 bxc6 6. e5 d5 7. O-O Ne7 8. d3
d4 9. Nbd2 Nd5 10. Ne4 Be7 11. Qe1 a5 12. a4 Ba6 13. b3 O-O 14. Qg3 Re8 15.
Bd2 Bf8 16. Qh3 Bc8 17. Nfg5 h6 18. Rf3 Be7 19. Raf1 hxg5 20. fxg5 Ne3 21.
Bxe3 dxe3 22. Nf6+ Bxf6 23. gxf6 e2 24. Re1 gxf6 25. exf6 {#r} 1-0

[Event "Treas. Valley Ch (Open)"]
[Site "Nampa, ID"]
[Date "2010.01.23"]
[Round "4.6"]
[White "Ye, Michael"]
[Black "Roland, Jeffrey T"]
[Result "1/2-1/2"]
[WhiteElo "1174"]
[BlackElo "1699"]

1. e4 c5 2. Nf3 d6 3. d4 cxd4 4. Nxd4 a6 5. Bc4 e6 6. Nc3 Nf6 7. Be3 Be7 8.
Qf3 O-O 9. Nb3 b5 10. Be2 Bb7 11. Qg3 Nxe4 12. Nxe4 Bxe4 13. c3 Nd7 14. h4 Qc7
15. Nd2 Bb7 16. Bd3 f5 17. Bg5 Ne5 18. Bc2 Nf7 19. Bb3 Nxg5 20. hxg5 Bd5 21.
Qh3 Kf7 22. Qh5+ g6 23. Qxh7+ Ke8 24. Qxg6+ Kd7 25. Bxd5 exd5 26. Rh7 Rae8 27.
Rf7 Kd8 28. Rxf8 Bxf8+ 29. Kf1 Qe7 30. Qf6 {#d} 1/2-1/2

[Event "Treas. Valley Ch (Open)"]
[Site "Nampa, ID"]
[Date "2010.01.23"]
[Round "4.7"]
[White "Lang, Jamie"]
[Black "Stark, Jim"]
[Result "0-1"]
[WhiteElo "1500"]
[BlackElo "1613"]

1. e4 c6 2. d4 d5 3. exd5 cxd5 4. Bb5+ Nc6 5. Nf3 a6 6. Ba4 Qa5+ 7. c3 Nf6 8.
Ne5 Qc7 9. O-O b5 10. Nxc6 Qxc6 11. Bc2 e6 12. Bg5 Be7 13. Nd2 h6 14. Bh4 g5
15. Bg3 Bb7 16. Nf3 Nd7 17. Be5 f6 18. Bg6+ Kd8 19. Bg3 h5 20. h3 Bd6 21. Qe2
Bxg3 22. fxg3 g4 23. Nh2 f5 24. Qe3 Kc7 25. Bf7 Nf8 26. Qe5+ Qd6 27. Qxh8 Qxg3
28. Qe5+ Qxe5 29. dxe5 Kd7 30. Bxh5 gxh3 31. gxh3 Nh7 32. Be2 Ng5 33. Nf3
Nxh3+ 34. Kg2 Nf4+ 35. Kf2 Rg8 36. Ke3 Nxe2 37. Kxe2 Rg2+ 38. Rf2 Rg3 39. Rg1
Rxg1 40. Nxg1 a5 {(The word "Time" was written on both score sheets on the
line to the 57th move, which indicates that there were more moves but that
they weren't recorded due to mutual time pressure.--Roland)} {#R} 0-1

[Event "Treas. Valley Ch (Open)"]
[Site "Nampa, ID"]
[Date "2010.01.23"]
[Round "4.8"]
[White "Abderhalden, Richard Robert"]
[Black "Thompson, Mark W"]
[Result "0-1"]
[WhiteElo "1516"]
[BlackElo "1574"]

1. e4 e5 2. Nf3 Nc6 3. c3 Bc5 4. d4 exd4 5. cxd4 Bb4+ 6. Nc3 Nf6 7. Bd3 d6 8.
O-O Bg4 9. Be3 Qe7 10. Re1 O-O 11. d5 Ne5 12. Bg5 Bxf3 13. gxf3 Nxd3 14. Qxd3
Qe5 15. f4 Qe7 16. e5 dxe5 17. fxe5 Qd7 18. exf6 Rfe8 19. a3 Bd6 20. Ne4 Qg4+
21. Kh1 Qh5 22. f4 h6 23. fxg7 Rxe4 24. Qxe4 hxg5 25. Re2 Bxf4 26. Rf1 Qh3 27.
Qf3 Qxf3+ 28. Rxf3 Rd8 29. Rf1 Rxd5 30. Rg1 Rd6 31. h4 Rh6 32. Kg2 Rxh4 33.
Kf1 Kxg7 34. Rgg2 Kg6 35. Rc2 Be5 36. Rc5 Rh1+ 37. Ke2 Bxb2 38. Rgxg5+ Kf6 39.
a4 Bd4 40. Rcf5+ Ke6 41. Rf4 f6 42. Rb5 Be5 43. Re4 Rh2+ 44. Kd3 Rh3+ 45. Kc2
b6 46. a5 a6 47. Rb1 b5 48. Rc1 Kd6 49. Rg4 Ra3 50. Rg7 Kd5 51. Rd1+ Kc4 52.
Rg4+ Kc5 {#R} 0-1

[Event "Treas. Valley Ch (Res.)"]
[Site "Nampa, ID"]
[Date "2010.01.23"]
[Round "1.1"]
[White "Patterson, Kevin R"]
[Black "Pemsler, Carmen"]
[Result "1-0"]
[WhiteElo "1200"]
[BlackElo "1000"]

1. e4 c6 2. Nf3 d5 3. exd5 cxd5 4. d4 Nc6 5. Bb5 Bd7 6. O-O e6 7. c4 Bb4 8.
cxd5 exd5 9. Ne5 Nge7 10. Nxd7 Qxd7 11. Bxc6 Nxc6 12. a3 Be7 13. Be3 O-O-O 14.
Nc3 Rde8 15. Qf3 Bf6 16. Rfd1 Bd8 17. Qxd5 Qxd5 18. Nxd5 Bf6 19. Nxf6 gxf6 20.
Rac1 Kb8 21. Bf4+ Ka8 22. d5 Ne7 23. d6 Nc6 24. d7 Rd8 25. Bc7 Rdf8 26. Rxc6
bxc6 27. d8=Q+ Rxd8 28. Bxd8 f5 29. h3 Kb8 30. Bf6 Re8 31. Bc3 Kb7 32. Rd7+
Kb6 33. Rxf7 h5 34. Rxf5 h4 35. g4 hxg3 36. fxg3 Rg8 37. g4 Rd8 38. Ba5+ Kb7
39. Bxd8 Kc8 40. g5 Kxd8 41. g6 Ke8 42. Rf7 Kd8 43. g7 Ke8 44. g8=Q# 1-0

[Event "Treas. Valley Ch (Res.)"]
[Site "Nampa, ID"]
[Date "2010.01.23"]
[Round "1.2"]
[White "Pentland, Thomas James"]
[Black "Patterson, Katie Rae"]
[Result "0-1"]
[WhiteElo "1000"]
[BlackElo "1014"]

1. f4 c6 2. d4 d5 3. Nf3 Nf6 4. g3 g6 5. Bg2 Bg7 6. O-O O-O 7. Ne5 Na6 8. Nc3
Bf5 9. Re1 Ne4 10. Nxe4 Bxe4 11. Bxe4 dxe4 12. c3 Bxe5 13. fxe5 Qc8 14. Bh6
Rd8 15. Qd2 Qh3 16. Rf1 e6 17. Rf6 c5 18. Raf1 Qg4 19. Rxf7 cxd4 20. R1f4 dxc3
21. Rg7+ Kh8 22. Qxd8+ Rxd8 23. Rxg4 c2 24. Rxe4 c1=Q+ 25. Kg2 Qxh6 26. Re7
Nc5 27. Rh4 Qf8 28. Rhxh7+ Kg8 29. h4 Rd2 30. Reg7+ Qxg7 31. Rxg7+ Kxg7 32.
Kf3 Rxb2 33. Kg4 Kh6 34. e3 Rxa2 35. Kh3 b5 36. g4 b4 37. g5+ Kh5 38. Kg3 b3
{#R} 0-1